000 00659cgm a22002415a 4500
001 L145250
002 ##7273
008 080918s2004 xxk f 000 0 eng u
035 _a(Sirsi) u145250
041 0 _aeng
050 0 4 _a690.25 $2 18
100 1 _aDickinson, Peter R.
245 0 0 _aCracking and building movement
_h[electronic resource]
260 _aLondon
_bRICS
_c2004
300 _a1 CD-ROM
350 _a45
520 _aCD-ROM accompanying main work.
651 4 _aUnited Kingdom
_y
690 _aBUILT ENVIRONMENT-BUILDING PATHOLOGY
700 1 _aThornton, Nigel
710 2 _aRoyal Institution of Chartered Surveyors
_94900
942 _n0
999 _c85466
_d85466